000 01916nam0a22003851 4500
001 rc\4679796
005 20210409185032.0
021 _aRU
_b[60-869502]
035 _a(NLR Aleph) 008707166
090 _a9335333
_c9335333
100 _a20130416d1960 |||y0rusy50 ca
101 0 _arus
102 _aRU
105 _ay z |||||
200 1 _aПольские мыслители эпохи Возрождения
_e[Сборник текстов
_fПодбор, ред. и примеч. И.С. Нарского
_gВступ. статья И.С. Миллера и И.С. Нарского, с. 3-25]
_gАкад. наук СССР. Ин-т философии
210 _aМосква
_cИзд-во Акад. наук СССР
_d1960
215 _a318 с.
_d23
327 0 _aРазделы: Ранний гуманизм. "Польские братья". Философы позднего Возрождения. М. Коперник. А.Ф. Моджевский
464 0 _12001#$aФилософы позднего Возрождения
464 0 _12001#$aМ. Коперник
_1702#1$aКоперник$bМ.$4570
464 0 _12001#$aА.Ф. Моджевский
_1702#1$aМоджевский$bА.$fок.1503-1572$gАнджей$3RU\NLR\AUTH\770229004
464 0 _12001#$aРанний гуманизм
464 0 _12001#$a"Польские братья"
606 _aОбщественная мысль в Польше
_z14-17 вв.
_2psbo
606 _aПольская философия
_z14-17 вв.
_2psbo
702 1 _aНарский
_bИ. С.
_4080
702 1 _aНарский
_bИ. С.
_gИгорь Сергеевич
_4340
_4212
702 1 _aМиллер
_bИ. С.
_4080
712 0 2 _aИнститут философии
_cМосква
_3RU\NLR\AUTH\889955071
801 0 _aRU
_bNLR
_gpsbo
801 1 _aRU
_bELAR
_2rusmarc
852 _aNLR
_j61-5/70
942 _cBOOK
980 _aNB